000 00434nam a2200181Ia 4500
005 20250603144858.0
008 250603s9999 xx 000 0 und d
020 _a81-88458-16-3
050 _aTA 352 .K86/
100 _aKumar, D.S.
245 0 _aEngineering mechanics : statics and dynamics
260 _aNew Delhi
260 _bS.K.Kataria & Sons
260 _c2007
300 _a723 p
650 _aNew Delhi
942 _cBK
999 _c40221
_d40221